Munshi, his art and work. (Record no. 67173)

MARC details
000 -LEADER
fixed length control field 00924cam a22002531 4500
001 - CONTROL NUMBER
control field sa 66000285
003 - CONTROL NUMBER IDENTIFIER
control field DLC
005 - DATE AND TIME OF LATEST TRANSACTION
control field 20260227112214.0
008 - FIXED-LENGTH DATA ELEMENTS--GENERAL INFORMATION
fixed length control field 801105m19571963ii ach 010 0beng
010 ## - LIBRARY OF CONGRESS CONTROL NUMBER
LC control number sa 66000285
035 ## - SYSTEM CONTROL NUMBER
System control number (OCoLC)6904490
040 ## - CATALOGING SOURCE
Original cataloging agency DLC
Transcribing agency MnBemS
Modifying agency DLC
042 ## - AUTHENTICATION CODE
Authentication code premarc
045 ## - TIME PERIOD OF CONTENT
Time period code w8x7
050 00 - LIBRARY OF CONGRESS CALL NUMBER
Classification number DS481.M8
Item number S5
110 2# - MAIN ENTRY--CORPORATE NAME
Corporate name or jurisdiction name as entry element Shri Munshi Seventieth Birthday Citizens' Celebrations Committee.
245 10 - TITLE STATEMENT
Title Munshi, his art and work.
Statement of responsibility, etc. Editors: J. H. Dave [and others]
260 ## - PUBLICATION, DISTRIBUTION, ETC.
Place of publication, distribution, etc. Bombay
Date of publication, distribution, etc. [1957?-1963?]
300 ## - PHYSICAL DESCRIPTION
Extent 4 v.
Other physical details illus., facsim., ports.
Dimensions 19 cm.
500 ## - GENERAL NOTE
General note At head of title: Commemorative volume.
505 0# - FORMATTED CONTENTS NOTE
Formatted contents note v. 1. Early life; as a lawyer; Munshis in life & literature.--v. 2. Fifty years of politics.--v. 3. Man of letters.--v. 4. Constructive work.
600 10 - SUBJECT ADDED ENTRY--PERSONAL NAME
Personal name Munshi, Kanaiyalal Maneklal,
Dates associated with a name 1887-1971.
700 1# - ADDED ENTRY--PERSONAL NAME
Personal name Dave, Jayantakr̥ṣṇa Harikr̥ṣṇa.

No items available.

Powered by Koha